00437cam a22001217a 4500008004000000082002300040100002500063245003500088260004800123300001000171440006200181500007200243180718b1998 xxu||||| |||| 00| 0 eng d aA81x54 91/8/PT4A/C aCensus of India 1991 aHaryana: socio-cultural tables aDelhibThe Controller of Publicationsc1998 a406p. aCensus of India 1991. Series-8, Haryana. Part-IVAC Series aContents: Tables C-1, C-2, C-2(A), C-3(A), C-3(B), C-4, C-5 and C-6